Datum a čas kvízu
25
Celkem bodů
Celkový počet nahraných bodů na tomto kvízu bez doplňovacích otázek.
5.
Pořadí na kvízu
Konečné umístění týmu na tomto kvízu.
Zaznamenané odpovědi
| # | Otázka | Odpověď | Body | Výsledky |
|---|---|---|---|---|
| 1. | Který český politik zveřejnil... | Vít Rakušan | 0 | |
| 2. | Švédské království ve čtvrtek... | 32. členem | 0 | |
| 3. | V sobotu se v pražském Rudolfi... | Přišla v noci, Bratři | 0.5 | |
| 4. | Ve středu vstoupila na český t... | Partners | 0 | |
| 5. | Ve čtvrtek byla odehrána evrop... | 3 : 9 | 1 | |
| 6. | Začneme prvním českým králem p... | Přemysl Otakar II., 1278 | 0 | |
| 7. | Další „slavnou“ prohrou, která... | stoletá válka | 0 | |
| 8. | Za naši slavnou prohru lze ozn... | D | 0 | |
| 9. | Bitva na Bílé hoře v roce 1620... | D) 2 hodiny | 0 | |
| 10. | Napište jména dvou mužů, kteří... | Neville Chamberlain, Édouard Daladier | 0.5 |